| 000 | 01131nam2a2200301 4500 | ||
|---|---|---|---|
| 001 | RU\NLR\bibl\1023467 | ||
| 005 | 20260406121254.0 | ||
| 010 |
_a5-699-18841-X _bАМ-КД |
||
| 010 |
_a5-699-18842-8 _bРБ _9150100 |
||
| 021 |
_aRU _b2006-72461 _93653 |
||
| 035 | _a(NLR Aleph) 001010985 | ||
| 090 |
_a638364 _c638364 |
||
| 100 | _a20061218d2006 |||y0rusy50 ca | ||
| 101 | 0 | _arus | |
| 102 | _aRU | ||
| 105 | _ay ||||||||| | ||
| 200 | 0 | _aТ. 2 | |
| 210 |
_d2006 _aБ. м. |
||
| 215 | _a318, [1] с. | ||
| 225 | 1 | _aPocket book | |
| 300 | _aНа 4-й с. обл. авт.: А. Маринина - к.ю.н. | ||
| 461 | 0 |
_1001RU\NLR\bibl\1030388 _12001#$aГородской тариф$vТ. 2 _9679526 _aМаринина, А. Б. (1957-) _cМосква _d2006 _fАлександра Маринина _nЭксмо _o[роман в 2-х томах] _tГородской тариф _vТ. 2 |
|
| 700 | 1 |
_4070 _8rus _7ca _aМаринина _bА. Б. _gАлександра Борисовна _f1957- _3RU\NLR\auth\77515 _9110564 |
|
| 801 | 0 |
_aRU _bNLR _c20061218 _gRCR |
|
| 801 | 1 |
_aRU _bNLR _c20061218 |
|
| 942 | _cBOOK | ||
| 980 | _aNB | ||